Garner's administrative law

Garner's Administrative Law' provides a comprehensive account of the basic principles of administrative law, and explains these principles with clarity and authority. The book also contains much material on the institutions and processes of central and local government, delegated legislati...

Full description

Saved in:
Bibliographic Details
Main Author: JONES, B.L
Other Authors: Thompson, Katharine
Format: Book
Published: New York: Butterworths. ; c 2005.
Edition:8th ed.
Subjects:
Tags: Add Tag
No Tags, Be the first to tag this record!

MARC

LEADER 00000cam a2200000 a 4500
005 20250930123440.0
020 |a 9780406992512  |c TZS 187,720/= 
040 |a MCCL  |b eng.  |e AACR 2nd rev.ed. 
082 0 0 |a 342.06 JON 
100 1 |a JONES, B.L 
245 1 0 |a Garner's administrative law   |c /Brian Jones  |b   
250 |a 8th ed. 
260 |a New York:  |b Butterworths. ;  |c c 2005. 
300 |a xlvi,577 p. :  |c 24 cm. 
504 |a Includes bibliographical references and index.  |b  P.547-553 
520 |a Garner's Administrative Law' provides a comprehensive account of the basic principles of administrative law, and explains these principles with clarity and authority. The book also contains much material on the institutions and processes of central and local government, delegated legislation, tribunals and inquiries and the various Ombudsmen. 
546 |a eng. 
650 0 |a Administrative law 
650 0 |a Processes of government 
650 0 |a Legislation 
700 1 |a Thompson, Katharine 
942 |c BK 
999 |c 11410  |d 11410